[Event "PRO League Stage"]
[Site "Chess.com INT"]
[Date "2020.01.29"]
[Round "4"]
[White "Tan, Justin Hy"]
[Black "Grischuk, Alexander"]
[Result "1/2-1/2"]
[WhiteElo "2511"]
[BlackElo "2777"]
[PlyCount "142"]
[EventDate "2020.01.06"]
[EventType "team-swiss (rapid)"]
[EventRounds "7"]
[EventCountry "USA"]
[SourceTitle "CBM 194 Extra"]
[Source "ChessBase"]
[SourceDate "2020.03.31"]
[SourceVersion "1"]
[SourceVersionDate "2020.03.31"]
[SourceQuality "1"]
[WhiteTeam "UK Lions"]
[BlackTeam "Canada Chessbrahs"]
[WhiteTeamCountry "ENG"]
[BlackTeamCountry "CAN"]

1. e4 e6 2. d4 d5 3. Nc3 Bb4 4. e5 c5 5. a3 Bxc3+ 6. bxc3 Ne7 7. Qg4 cxd4 8.
Qxg7 Rg8 9. Qxh7 Qc7 10. Ne2 Nbc6 11. f4 dxc3 12. h4 Bd7 13. h5 O-O-O 14. Qd3
Nf5 15. Rg1 Nh6 16. Nxc3 Na5 17. Be2 Ng4 18. Be3 Kb8 19. Bd4 Rc8 20. a4 Nc6 21.
Nb5 Qa5+ 22. Qd2 Qd8 23. Bc5 Qh4+ 24. g3 Qxh5 25. Nd6 Rc7 26. Rb1 Ka8 27. a5
Qh2 28. Bxg4 Qxd2+ 29. Kxd2 Rxg4 30. a6 b6 31. Bf2 Bc8 32. Rh1 Rg8 33. Rh7 Rf8
34. Nb5 Rd7 35. Ra1 d4 36. Nd6 Na5 37. Bxd4 Bxa6 38. Ke3 Kb8 39. c3 Nc4+ 40.
Nxc4 Bxc4 41. g4 Rc7 42. f5 Rg8 43. Kf4 Kb7 44. f6 a5 45. g5 Bd3 46. Rh2 Kc6
47. Rb2 Rb7 48. Rd2 Bc4 49. Be3 Kc7 50. Rd6 Bd5 51. Bd4 Ra8 52. g6 fxg6 53.
Rxd5 exd5 54. e6 Kd6 55. e7 Ke6 56. Kg5 Rh8 57. Rh1 Re8 58. Rh7 Rexe7 59. fxe7
Rxe7 60. Rh6 b5 61. Rxg6+ Kd7 62. Rb6 b4 63. cxb4 axb4 64. Rxb4 Re4 65. Kf5 Kc6
66. Rb6+ Kc7 67. Rb4 Kc6 68. Kf6 Kc7 69. Bb6+ Kc6 70. Bd4 Kd7 71. Kf5 Kc6
1/2-1/2

[Event "PRO League Stage"]
[Site "Chess.com INT"]
[Date "2020.02.05"]
[Round "5"]
[White "Dominguez Perez, Leinier"]
[Black "Grischuk, Alexander"]
[Result "1/2-1/2"]
[WhiteElo "2758"]
[BlackElo "2777"]
[PlyCount "84"]
[EventDate "2020.01.06"]
[EventType "team-swiss (rapid)"]
[EventRounds "7"]
[EventCountry "USA"]
[SourceTitle "CBM 194 Extra"]
[Source "ChessBase"]
[SourceDate "2020.03.31"]
[SourceVersion "1"]
[SourceVersionDate "2020.03.31"]
[SourceQuality "1"]
[WhiteTeam "Saint Louis Arch Bishops"]
[BlackTeam "Canada Chessbrahs"]
[WhiteTeamCountry "USA"]
[BlackTeamCountry "CAN"]

1. e4 c5 2. Nf3 d6 3. d4 cxd4 4. Nxd4 Nf6 5. Nc3 a6 6. Be3 e5 7. Nb3 Be6 8. f3
h5 9. Nd5 Bxd5 10. exd5 Nbd7 11. Qd2 g6 12. O-O-O Nb6 13. c4 Rc8 14. Na5 Nbxd5
15. Bg5 b6 16. Nb7 Qc7 17. Bxf6 Nxf6 18. Nxd6+ Bxd6 19. Qxd6 Qxd6 20. Rxd6 Nd7
21. Be2 Ke7 22. Rhd1 Rc7 23. Kb1 a5 24. b3 Rb8 25. R6d5 f6 26. Bd3 Rg8 27. Be4
Nc5 28. Kb2 h4 29. Rd6 Rd7 30. Rxd7+ Nxd7 31. a3 f5 32. Bc6 Nf6 33. b4 axb4 34.
axb4 Rd8 35. Rxd8 Kxd8 36. Kc3 Kc7 37. Ba4 Kd6 38. Kd2 g5 39. Bc2 Ke6 40. Bb3
Kd6 41. Bc2 Ke6 42. Bb3 Kd6 1/2-1/2

[Event "PRO League Stage"]
[Site "Chess.com INT"]
[Date "2020.02.05"]
[Round "5"]
[White "Grischuk, Alexander"]
[Black "Caruana, Fabiano"]
[Result "1-0"]
[WhiteElo "2777"]
[BlackElo "2822"]
[PlyCount "97"]
[EventDate "2020.01.06"]
[EventType "team-swiss (rapid)"]
[EventRounds "7"]
[EventCountry "USA"]
[SourceTitle "CBM 194 Extra"]
[Source "ChessBase"]
[SourceDate "2020.03.31"]
[SourceVersion "1"]
[SourceVersionDate "2020.03.31"]
[SourceQuality "1"]
[WhiteTeam "Canada Chessbrahs"]
[BlackTeam "Saint Louis Arch Bishops"]
[WhiteTeamCountry "CAN"]
[BlackTeamCountry "USA"]

1. Nf3 d5 2. g3 Nd7 3. Bg2 e5 4. d3 Ngf6 5. O-O Bd6 6. c4 c6 7. cxd5 cxd5 8. e4
O-O 9. exd5 Nxd5 10. Re1 N5f6 11. Nc3 h6 12. d4 exd4 13. Nxd4 Nc5 14. Ndb5 Bb8
15. Be3 Ne6 16. Qb3 a6 17. Rad1 Qe7 18. Nd4 Be5 19. Nf5 Qe8 20. Bxh6 Nc5 21.
Nxg7 Nxb3 22. Nxe8 Rxe8 23. axb3 Bg4 24. Rc1 Bd4 25. Bxb7 Rxe1+ 26. Rxe1 Rb8
27. Bxa6 Rxb3 28. Bc1 Be6 29. Be2 Kg7 30. Kg2 Ba7 31. Bf3 Rb4 32. h3 Bd4 33. g4
Rb3 34. Rd1 Be5 35. g5 Nh7 36. Bd5 Bxd5+ 37. Rxd5 f6 38. gxf6+ Bxf6 39. Rb5
Rxb5 40. Nxb5 Nf8 41. b3 Ne6 42. Be3 Kg6 43. Kf3 Kf5 44. Nd6+ Ke5 45. Nc4+ Kd5
46. Kg4 Ba1 47. h4 Ng7 48. h5 Ke6 49. Bc1 1-0

[Event "PRO League Stage"]
[Site "Chess.com INT"]
[Date "2020.02.05"]
[Round "5"]
[White "Grischuk, Alexander"]
[Black "So, Wesley"]
[Result "1/2-1/2"]
[WhiteElo "2777"]
[BlackElo "2765"]
[PlyCount "120"]
[EventDate "2020.01.06"]
[EventType "team-swiss (rapid)"]
[EventRounds "7"]
[EventCountry "USA"]
[SourceTitle "CBM 194 Extra"]
[Source "ChessBase"]
[SourceDate "2020.03.31"]
[SourceVersion "1"]
[SourceVersionDate "2020.03.31"]
[SourceQuality "1"]
[WhiteTeam "Canada Chessbrahs"]
[BlackTeam "Saint Louis Arch Bishops"]
[WhiteTeamCountry "CAN"]
[BlackTeamCountry "USA"]

1. d4 Nf6 2. Nf3 d5 3. c4 e6 4. Nc3 Bb4 5. cxd5 exd5 6. Bg5 h6 7. Bh4 O-O 8. e3
Bf5 9. Be2 Nbd7 10. Qb3 Bxc3+ 11. bxc3 c5 12. dxc5 g5 13. Bg3 Nxc5 14. Qb4 Nfe4
15. O-O Qe7 16. c4 dxc4 17. Bxc4 Rfd8 18. Rad1 Rxd1 19. Rxd1 Rd8 20. Rxd8+ Qxd8
21. Nd4 Bg6 22. f3 a5 23. Qa3 Nxg3 24. Qxc5 Nh5 25. e4 b6 26. Qd5 Qe7 27. Qc6
Qf6 28. Qxf6 Nxf6 29. Kf2 Kf8 30. Ke3 Ke7 31. e5 Nh5 32. g3 Ng7 33. Bd3 Ne6 34.
Bxg6 fxg6 35. Nxe6 Kxe6 36. Kd4 a4 37. a3 h5 38. Ke4 h4 39. gxh4 gxh4 40. f4 h3
41. Kd4 b5 42. Kc5 g5 43. fxg5 Kxe5 44. Kxb5 Kf5 45. Kxa4 Kxg5 46. Kb4 Kf4 47.
a4 Kf3 48. a5 Kg2 49. a6 Kxh2 50. a7 Kg1 51. a8=Q h2 52. Qg8+ Kh1 53. Qd5+ Kg1
54. Qg5+ Kh1 55. Qf4 Kg1 56. Qg4+ Kh1 57. Qf3+ Kg1 58. Qf4 h1=Q 59. Qc1+ Kh2
60. Qxh1+ Kxh1 1/2-1/2

[Event "PRO League Stage"]
[Site "Chess.com INT"]
[Date "2020.02.05"]
[Round "5"]
[White "Le, Quang Liem"]
[Black "Grischuk, Alexander"]
[Result "1/2-1/2"]
[WhiteElo "2713"]
[BlackElo "2777"]
[PlyCount "92"]
[EventDate "2020.01.06"]
[EventType "team-swiss (rapid)"]
[EventRounds "7"]
[EventCountry "USA"]
[SourceTitle "CBM 194 Extra"]
[Source "ChessBase"]
[SourceDate "2020.03.31"]
[SourceVersion "1"]
[SourceVersionDate "2020.03.31"]
[SourceQuality "1"]
[WhiteTeam "Saint Louis Arch Bishops"]
[BlackTeam "Canada Chessbrahs"]
[WhiteTeamCountry "USA"]
[BlackTeamCountry "CAN"]

1. e4 c5 2. Nf3 d6 3. d4 cxd4 4. Nxd4 Nf6 5. Nc3 a6 6. Be2 e5 7. Nb3 Be7 8. Be3
Be6 9. Qd3 Nbd7 10. Nd5 O-O 11. c4 b5 12. cxb5 axb5 13. O-O Bxd5 14. exd5 Nb6
15. Bxb6 Qxb6 16. Qxb5 Qa7 17. Qd3 Rfb8 18. Rfc1 e4 19. Qd2 Bd8 20. Nd4 Ba5 21.
Qd1 Rxb2 22. Nc6 Qc7 23. a4 e3 24. fxe3 Bd2 25. Rc2 Bxe3+ 26. Kf1 Rxc2 27. Qxc2
Bc5 28. Bf3 Qd7 29. Re1 Qb7 30. a5 h5 31. g3 Qd7 32. Kg2 h4 33. gxh4 Ng4 34.
Qe4 Nf2 35. Ne7+ Kf8 36. Qf5 Qxf5 37. Nxf5 g6 38. Ng3 Rxa5 39. Ne4 Nxe4 40.
Rxe4 Ra2+ 41. Re2 Ra4 42. h5 gxh5 43. Bxh5 Rh4 44. Bf3 Kg7 45. Re4 Rxe4 46.
Bxe4 Kf6 1/2-1/2

[Event "PRO League Stage"]
[Site "Chess.com INT"]
[Date "2020.02.12"]
[Round "6"]
[White "Grischuk, Alexander"]
[Black "Cori, Jorge Moise"]
[Result "1-0"]
[WhiteElo "2777"]
[BlackElo "2652"]
[PlyCount "115"]
[EventDate "2020.01.06"]
[EventType "team-swiss (rapid)"]
[EventRounds "7"]
[EventCountry "USA"]
[SourceTitle "CBM 194 Extra"]
[Source "ChessBase"]
[SourceDate "2020.03.31"]
[SourceVersion "1"]
[SourceVersionDate "2020.03.31"]
[SourceQuality "1"]
[WhiteTeam "Canada Chessbrahs"]
[BlackTeam "Chicago Wind"]
[WhiteTeamCountry "CAN"]
[BlackTeamCountry "USA"]

1. e4 c5 2. Nf3 e6 3. d4 cxd4 4. Nxd4 Nc6 5. Nb5 d6 6. c4 Nf6 7. N1c3 a6 8. Nd4
Be7 9. Be2 O-O 10. Be3 Nxd4 11. Qxd4 e5 12. Qb6 Qxb6 13. Bxb6 Bd8 14. Bxd8 Rxd8
15. Kd2 Be6 16. Rhc1 Kf8 17. Ke3 Rac8 18. Nd5 Bxd5 19. cxd5 Ke7 20. h4 h6 21.
b4 Kd7 22. b5 axb5 23. Bxb5+ Ke7 24. a4 Nd7 25. Bxd7 Kxd7 26. f4 Rxc1 27. Rxc1
Re8 28. g4 f6 29. a5 Rc8 30. Rb1 Rc3+ 31. Kd2 Rc7 32. f5 Ke7 33. Kd3 Kd7 34. g5
hxg5 35. hxg5 Ke7 36. g6 Kd7 37. Rh1 Rc8 38. Rh7 Rg8 39. Kc4 Kc8 40. Kb5 Kc7
41. Rh3 Kb8 42. Kb6 Rc8 43. Rh7 Rc7 44. Rh8+ Rc8 45. Rxc8+ Kxc8 46. a6 Kb8 47.
Ka5 Ka7 48. axb7 Kxb7 49. Kb5 Kc7 50. Ka6 Kc8 51. Kb6 Kd7 52. Kb7 Kd8 53. Kc6
Ke7 54. Kc7 Ke8 55. Kxd6 Kd8 56. Ke6 Ke8 57. d6 Kd8 58. d7 1-0

[Event "PRO League Stage"]
[Site "Chess.com INT"]
[Date "2020.02.12"]
[Round "6"]
[White "Grischuk, Alexander"]
[Black "Shimanov, Aleksandr"]
[Result "1/2-1/2"]
[WhiteElo "2777"]
[BlackElo "2587"]
[PlyCount "177"]
[EventDate "2020.01.06"]
[EventType "team-swiss (rapid)"]
[EventRounds "7"]
[EventCountry "USA"]
[SourceTitle "CBM 194 Extra"]
[Source "ChessBase"]
[SourceDate "2020.03.31"]
[SourceVersion "1"]
[SourceVersionDate "2020.03.31"]
[SourceQuality "1"]
[WhiteTeam "Canada Chessbrahs"]
[BlackTeam "Chicago Wind"]
[WhiteTeamCountry "CAN"]
[BlackTeamCountry "USA"]

1. e4 c6 2. d4 d5 3. e5 Bf5 4. Nf3 e6 5. Be2 Ne7 6. c3 Nd7 7. O-O h6 8. a4 Bh7
9. a5 Bxb1 10. Rxb1 Qxa5 11. Bd3 Qc7 12. Nh4 g6 13. f4 h5 14. b3 Nf5 15. Nxf5
gxf5 16. c4 Nb6 17. Be3 Be7 18. Rf3 h4 19. Rh3 O-O-O 20. c5 Na8 21. b4 a6 22.
Ra1 Qb8 23. Bf2 Nc7 24. Qe1 Rdg8 25. Bxh4 Kd7 26. Be2 Rg6 27. Raa3 Qg8 28. Rag3
Bxh4 29. Rxh4 Rxh4 30. Rxg6 Qh8 31. Rg7 Rxh2 32. Qg3 Rh7 33. Rg8 Rh1+ 34. Kf2
Qh4 35. Qxh4 Rxh4 36. Kg3 Rh7 37. Rb8 Rg7+ 38. Kf2 Rh7 39. Rxb7 Rh8 40. Bxa6
Ra8 41. b5 cxb5 42. Bxb5+ Kc8 43. Rb6 Ra2+ 44. Be2 Ra4 45. Ke3 Ra3+ 46. Bd3 Ra2
47. g3 Rg2 48. Be2 Rxg3+ 49. Kf2 Rh3 50. Ba6+ Kd7 51. Rd6+ Ke7 52. Rc6 Kd7 53.
Rd6+ Ke7 54. Be2 Rh2+ 55. Ke3 Rh3+ 56. Kf2 Rh2+ 57. Kf3 Rh3+ 58. Kg2 Rh8 59.
Rb6 Ra8 60. Rb7 Kd8 61. Kf2 Kc8 62. Rb4 Ra2 63. Ke3 Ra3+ 64. Kd2 Ra2+ 65. Kd1
Ra1+ 66. Kc2 Ra2+ 67. Rb2 Ra4 68. Kc3 Ra3+ 69. Rb3 Ra2 70. Kd3 Ra4 71. Bh5 Ra1
72. Bxf7 Rd1+ 73. Kc3 Rc1+ 74. Kd2 Rf1 75. Rb6 Kd7 76. c6+ Kc8 77. Ke3 Re1+ 78.
Kd3 Rf1 79. Rb2 Rf3+ 80. Ke2 Rxf4 81. Ke3 Re4+ 82. Kd3 Rh4 83. Rg2 Rh3+ 84. Kd2
Kb8 85. Rg6 Rh4 86. Kd3 Rh3+ 87. Kd2 Rh4 88. Kd3 Rh3+ 89. Kd2 1/2-1/2

[Event "PRO League Stage"]
[Site "Chess.com INT"]
[Date "2020.02.12"]
[Round "6"]
[White "Robson, Ray"]
[Black "Grischuk, Alexander"]
[Result "1/2-1/2"]
[WhiteElo "2673"]
[BlackElo "2777"]
[PlyCount "37"]
[EventDate "2020.01.06"]
[EventType "team-swiss (rapid)"]
[EventRounds "7"]
[EventCountry "USA"]
[SourceTitle "CBM 194 Extra"]
[Source "ChessBase"]
[SourceDate "2020.03.31"]
[SourceVersion "1"]
[SourceVersionDate "2020.03.31"]
[SourceQuality "1"]
[WhiteTeam "Chicago Wind"]
[BlackTeam "Canada Chessbrahs"]
[WhiteTeamCountry "USA"]
[BlackTeamCountry "CAN"]

1. e4 e5 2. Nf3 Nc6 3. Bb5 Nf6 4. O-O Nxe4 5. Re1 Nd6 6. Nxe5 Be7 7. Bf1 Nxe5
8. Rxe5 O-O 9. d4 Bf6 10. Re1 Re8 11. c3 Rxe1 12. Qxe1 Ne8 13. Bf4 d5 14. Bd3
g6 15. Nd2 c6 16. h3 Ng7 17. Nf3 Bf5 18. Bxf5 Nxf5 19. Qe2 1/2-1/2

[Event "PRO League Stage"]
[Site "Chess.com INT"]
[Date "2020.02.12"]
[Round "6"]
[White "Tang, Andrew"]
[Black "Grischuk, Alexander"]
[Result "0-1"]
[WhiteElo "2537"]
[BlackElo "2777"]
[PlyCount "128"]
[EventDate "2020.01.06"]
[EventType "team-swiss (rapid)"]
[EventRounds "7"]
[EventCountry "USA"]
[SourceTitle "CBM 194 Extra"]
[Source "ChessBase"]
[SourceDate "2020.03.31"]
[SourceVersion "1"]
[SourceVersionDate "2020.03.31"]
[SourceQuality "1"]
[WhiteTeam "Chicago Wind"]
[BlackTeam "Canada Chessbrahs"]
[WhiteTeamCountry "USA"]
[BlackTeamCountry "CAN"]

1. d4 d5 2. Nf3 Bf5 3. Bf4 e6 4. e3 Bd6 5. Ne5 Ne7 6. g4 Be4 7. f3 Bg6 8. c4
Nbc6 9. Nc3 Bxe5 10. dxe5 d4 11. exd4 Nxd4 12. Qa4+ Nec6 13. O-O-O O-O 14. Nb5
f6 15. Nxd4 Nxd4 16. Rd2 c5 17. Bg2 fxe5 18. Bxe5 Qg5 19. Re1 Rad8 20. f4 Rxf4
21. Bxf4 Qxf4 22. Qa5 b6 23. Qc3 Qxg4 24. Qg3 h5 25. b3 Bf5 26. Be4 Qxg3 27.
hxg3 Kf7 28. Rf2 Kf6 29. Bg2 a5 30. Kb2 g5 31. Rh1 Rh8 32. Kc3 h4 33. g4 Kg6
34. gxf5+ exf5 35. a3 g4 36. b4 h3 37. Bf1 Kg5 38. Kd3 g3 39. Rb2 Kg4 40. bxc5
bxc5 41. Be2+ Nxe2 42. Rxe2 Rd8+ 43. Kc3 g2 44. Rg1 f4 45. Rgxg2+ hxg2 46.
Rxg2+ Kh3 47. Rg5 Rf8 48. Kd2 Re8 49. Rxc5 f3 50. Rxa5 f2 51. Rf5 Kg2 52. Rg5+
Kf3 53. Rf5+ Kg2 54. Rg5+ Kf1 55. Kd3 Ke1 56. Rf5 Ra8 57. c5 Rxa3+ 58. Kd4 Ke2
59. c6 Ra4+ 60. Kc3 f1=Q 61. Rxf1 Kxf1 62. c7 Ra8 63. Kc4 Rc8 64. Kc5 Rxc7+ 0-1

[Event "PRO League Stage"]
[Site "Chess.com INT"]
[Date "2020.02.17"]
[Round "7"]
[White "Grischuk, Alexander"]
[Black "Guseinov, Gadir"]
[Result "1-0"]
[WhiteElo "2777"]
[BlackElo "2666"]
[PlyCount "103"]
[EventDate "2020.01.06"]
[EventType "team-swiss (rapid)"]
[EventRounds "7"]
[EventCountry "USA"]
[SourceTitle "CBM 194 Extra"]
[Source "ChessBase"]
[SourceDate "2020.03.31"]
[SourceVersion "1"]
[SourceVersionDate "2020.03.31"]
[SourceQuality "1"]
[WhiteTeam "Canada Chessbrahs"]
[BlackTeam "New York Marshalls"]
[WhiteTeamCountry "CAN"]
[BlackTeamCountry "USA"]

1. e4 c5 2. Nf3 g6 3. c4 Nc6 4. d4 cxd4 5. Nxd4 Nf6 6. Nc3 Nxd4 7. Qxd4 d6 8.
f3 Bg7 9. Be3 O-O 10. Qd2 Be6 11. Rc1 Qa5 12. b3 Rfc8 13. Bd3 a6 14. Nd5 Qxd2+
15. Kxd2 Nxd5 16. exd5 Bd7 17. a4 Bb2 18. Rb1 Ba3 19. h4 b5 20. h5 Bb4+ 21. Ke2
Bc3 22. hxg6 hxg6 23. cxb5 axb5 24. Rbc1 b4 25. Rh4 Ra5 26. Bd4 Bxd4 27. Rxc8+
Bxc8 28. Rxd4 Bb7 29. Bb5 Ra8 30. Kd3 Rc8 31. Rc4 Rb8 32. Kd4 e5+ 33. dxe6 fxe6
34. Rxb4 Bd5 35. Kc3 Kf7 36. Bc4 Rc8 37. Kd4 Ba8 38. Rb6 Ke7 39. a5 e5+ 40. Ke3
d5 41. Bd3 d4+ 42. Kd2 g5 43. a6 g4 44. Be4 gxf3 45. gxf3 Bxe4 46. fxe4 Rh8 47.
Rb5 Rh2+ 48. Kd3 Rh3+ 49. Kc4 Rc3+ 50. Kb4 Kf6 51. a7 Rc8 52. Rb8 1-0

[Event "PRO League Stage"]
[Site "Chess.com INT"]
[Date "2020.02.17"]
[Round "7"]
[White "Iturrizaga Bonelli, Eduardo"]
[Black "Grischuk, Alexander"]
[Result "1/2-1/2"]
[WhiteElo "2597"]
[BlackElo "2777"]
[PlyCount "120"]
[EventDate "2020.01.06"]
[EventType "team-swiss (rapid)"]
[EventRounds "7"]
[EventCountry "USA"]
[SourceTitle "CBM 194 Extra"]
[Source "ChessBase"]
[SourceDate "2020.03.31"]
[SourceVersion "1"]
[SourceVersionDate "2020.03.31"]
[SourceQuality "1"]
[WhiteTeam "New York Marshalls"]
[BlackTeam "Canada Chessbrahs"]
[WhiteTeamCountry "USA"]
[BlackTeamCountry "CAN"]

1. c4 e6 2. Nf3 d5 3. b3 Nf6 4. Bb2 c5 5. e3 Nc6 6. cxd5 exd5 7. Be2 d4 8. Bb5
Bd6 9. O-O O-O 10. Bxc6 bxc6 11. exd4 cxd4 12. Bxd4 c5 13. Be3 Bg4 14. h3 Bh5
15. Nc3 Re8 16. d4 cxd4 17. Bxd4 Ne4 18. Nxe4 Rxe4 19. Be3 Qd7 20. Bc5 Re6 21.
g4 Bg6 22. Ne5 Rxe5 23. Bxd6 Ree8 24. Bg3 Qb7 25. Re1 Be4 26. Kh2 h6 27. Qd6
Rad8 28. Qc7 Qa8 29. Rad1 Rc8 30. Qf4 a5 31. Rd2 Bg6 32. Rde2 Rxe2 33. Rxe2 Qd5
34. Rd2 Qe6 35. Qe5 Qa6 36. f4 f6 37. Qe2 Qxe2+ 38. Rxe2 Rc2 39. Rxc2 Bxc2 40.
Be1 Bb1 41. a3 Ba2 42. Bxa5 Bxb3 43. f5 Kf7 44. Bb4 g6 45. Kg3 gxf5 46. gxf5
Bc2 47. Kf4 h5 48. h4 Kg7 49. Bc3 Kf7 50. Bd4 Ke7 51. Bc3 Kf7 52. Bb2 Ke7 53.
Ke3 Bxf5 54. a4 Kd6 55. Bxf6 Kc6 56. a5 Kb7 57. Bd8 Ka8 58. Bb6 Bg4 59. Kf4 Bd1
60. Kg5 Bg4 1/2-1/2

[Event "PRO League Stage"]
[Site "Chess.com INT"]
[Date "2020.02.17"]
[Round "7"]
[White "Moranda, Wojciech"]
[Black "Grischuk, Alexander"]
[Result "1-0"]
[WhiteElo "2601"]
[BlackElo "2777"]
[PlyCount "247"]
[EventDate "2020.01.06"]
[EventType "team-swiss (rapid)"]
[EventRounds "7"]
[EventCountry "USA"]
[SourceTitle "CBM 194 Extra"]
[Source "ChessBase"]
[SourceDate "2020.03.31"]
[SourceVersion "1"]
[SourceVersionDate "2020.03.31"]
[SourceQuality "1"]
[WhiteTeam "New York Marshalls"]
[BlackTeam "Canada Chessbrahs"]
[WhiteTeamCountry "USA"]
[BlackTeamCountry "CAN"]

1. d4 Nf6 2. c4 g6 3. Nc3 Bg7 4. e4 d6 5. f4 c5 6. d5 O-O 7. Nf3 e6 8. Be2 exd5
9. cxd5 Bg4 10. O-O Nbd7 11. h3 Bxf3 12. Bxf3 a6 13. g4 b5 14. g5 Ne8 15. Ne2
Nc7 16. h4 Re8 17. Kg2 c4 18. f5 Nc5 19. f6 Bf8 20. Ng3 Nd3 21. b3 Re5 22. Bd2
a5 23. bxc4 bxc4 24. Qc2 Re8 25. Qxc4 Ne5 26. Qa4 Na6 27. Be2 Nc5 28. Qd4 Rb8
29. Rab1 Qc7 30. Rfc1 Rec8 31. h5 Qd8 32. hxg6 hxg6 33. Rxb8 Rxb8 34. Rh1 Qb6
35. Qg1 Ncd3 36. Be3 Ne1+ 37. Kh3 Qb2 38. Qxe1 Qxa2 39. Qa1 Qb3 40. Qc1 a4 41.
Kg2 Qa2 42. Qa1 Qc2 43. Rc1 Qb3 44. Rc3 Qb4 45. Ra3 Ra8 46. Qa2 Nd7 47. Bd1 Nc5
48. Bxc5 dxc5 49. Rxa4 Rxa4 50. Qxa4 Qd2+ 51. Be2 Qxg5 52. Qc6 Qe5 53. Kh3 Bd6
54. Qc8+ Kh7 55. Qg4 Qxf6 56. Qh4+ Qxh4+ 57. Kxh4 Kg7 58. Nf1 f5 59. exf5 gxf5
60. Kg5 f4 61. Nd2 Kf7 62. Kf5 Ke7 63. Ne4 Bb8 64. Bf3 c4 65. Be2 c3 66. Nxc3
Kd6 67. Kxf4 Kc5+ 68. Ke4 Bh2 69. Nb5 Bg3 70. Nd4 Bh2 71. Ne6+ Kd6 72. Ng5 Kc5
73. Bg4 Bb8 74. Ne6+ Kd6 75. Bf3 Ba7 76. Nd4 Bb8 77. Nc6 Bc7 78. Ne5 Bb8 79.
Nc4+ Kc5 80. Ne5 Kd6 81. Nf7+ Kc5 82. Kf5 Bh2 83. Ke6 Bb8 84. Bg2 Bc7 85. Ne5
Kd4 86. Nd7 Bh2 87. d6 Bxd6 88. Kxd6 Kc4 89. Ke5 Kd3 90. Nc5+ Kc4 91. Ne4 Kd3
92. Nf2+ Kc4 93. Ke4 Kc5 94. Bf1 Kd6 95. Bc4 Kc5 96. Ba2 Kd6 97. Nd3 Kc6 98.
Ke5 Kb5 99. Bb3 Kc6 100. Ke6 Kc7 101. Ba4 Kb6 102. Kd6 Ka5 103. Bd7 Kb6 104.
Bc6 Ka6 105. Kc5 Ka7 106. Nb4 Kb8 107. Kd6 Kc8 108. Bd7+ Kb7 109. Nd5 Ka6 110.
Kc5 Ka5 111. Be8 Ka6 112. Kb4 Kb7 113. Bd7 Ka6 114. Ka4 Ka7 115. Kb5 Kb7 116.
Be6 Ka7 117. Nb4 Kb7 118. Na6 Ka7 119. Bd7 Kb7 120. Bf5 Ka7 121. Nc5 Kb8 122.
Kb6 Ka8 123. Bc8 Kb8 124. Ba6 1-0

[Event "PRO League KO Stage"]
[Site "Chess.com INT"]
[Date "2020.09.27"]
[Round "4.4"]
[White "Grischuk, Alexander"]
[Black "Ding, Liren"]
[Result "0-1"]
[WhiteElo "2777"]
[BlackElo "2805"]
[PlyCount "92"]
[EventDate "2020.03.02"]
[EventType "team-k.o. (rapid)"]
[EventRounds "4"]
[EventCountry "USA"]
[SourceTitle "EXT 2021"]
[Source "ChessBase"]
[SourceDate "2020.10.23"]
[SourceVersion "1"]
[SourceVersionDate "2020.10.23"]
[SourceQuality "1"]
[WhiteTeam "Canada Chessbrahs"]
[BlackTeam "China Pandas"]
[WhiteTeamCountry "CAN"]
[BlackTeamCountry "CHN"]

1. d4 Nf6 2. c4 e6 3. Nc3 Bb4 4. e3 O-O 5. Bd3 d5 6. cxd5 exd5 7. Nge2 Re8 8.
O-O Bd6 9. Bd2 b6 10. Rc1 c5 11. Ng3 Bb7 12. Qf3 Nbd7 13. Nf5 Bf8 14. Qg3 g6
15. Rfd1 Re6 16. e4 dxe4 17. Bc4 Nh5 18. Qh3 Rf6 19. Nh6+ Bxh6 20. Bxh6 Qe8 21.
Nb5 Rb8 22. dxc5 Nxc5 23. Bg5 e3 24. Qxe3 Qxe3 25. Bxe3 Nf4 26. Nd6 Nxg2 27.
Bxc5 bxc5 28. Nxb7 Rxb7 29. Kxg2 Rxb2 30. Rf1 Rf5 31. Rc3 Kg7 32. Rf3 Rxf3 33.
Kxf3 Rc2 34. Bb3 Rc3+ 35. Ke4 Rh3 36. Rh1 Kf6 37. Kd5 Rf3 38. Rf1 Rf5+ 39. Kc6
Kg5 40. Bd5 h5 41. Kxc5 Kh4 42. a4 Kh3 43. a5 g5 44. Kd4 g4 45. a6 Rf4+ 46. Kc5
h4 0-1

[Event "FIDE Steinitz Memorial"]
[Site "chess24.com INT"]
[Date "2020.05.15"]
[Round "1"]
[White "Grischuk, Alexander"]
[Black "Korobov, Anton"]
[Result "0-1"]
[WhiteElo "2777"]
[BlackElo "2688"]
[PlyCount "70"]
[EventDate "2020.05.15"]
[EventType "tourn (blitz)"]
[EventRounds "18"]
[EventCountry "USA"]
[EventCategory "20"]
[SourceTitle "CBM 196 Extra"]
[Source "ChessBase"]
[SourceDate "2020.07.31"]
[SourceVersion "1"]
[SourceVersionDate "2020.07.31"]
[SourceQuality "1"]

1. Nf3 d5 2. d4 Nf6 3. Bf4 Bf5 4. e3 e6 5. Ne5 Bd6 6. Nc3 Nbd7 7. Bd3 O-O 8.
O-O Qe7 9. Nb5 Bxd3 10. cxd3 Bxe5 11. dxe5 Ne8 12. Qg4 Qb4 13. Nd4 c5 14. Nf3
Qb6 15. h4 Kh8 16. h5 h6 17. Qh4 f6 18. b3 Rc8 19. Qg3 fxe5 20. Bxe5 Nef6 21.
Nh4 Kg8 22. Ng6 Rf7 23. Qh4 Nxe5 24. Nxe5 Rfc7 25. Rae1 Qd6 26. f4 b5 27. g4 c4
28. bxc4 bxc4 29. dxc4 dxc4 30. g5 hxg5 31. Qxg5 c3 32. h6 c2 33. Rc1 Qd2 34.
Rfe1 Qxe1+ 35. Rxe1 c1=Q 0-1

[Event "FIDE Steinitz Memorial"]
[Site "chess24.com INT"]
[Date "2020.05.15"]
[Round "2"]
[White "Anton Guijarro, David"]
[Black "Grischuk, Alexander"]
[Result "0-1"]
[WhiteElo "2703"]
[BlackElo "2777"]
[PlyCount "65"]
[EventDate "2020.05.15"]
[EventType "tourn (blitz)"]
[EventRounds "18"]
[EventCountry "USA"]
[EventCategory "20"]
[SourceTitle "CBM 196 Extra"]
[Source "ChessBase"]
[SourceDate "2020.07.31"]
[SourceVersion "1"]
[SourceVersionDate "2020.07.31"]
[SourceQuality "1"]

1. Nf3 Nf6 2. c4 g6 3. Nc3 Bg7 4. e4 d6 5. d4 O-O 6. Be2 e5 7. d5 a5 8. Bg5 h6
9. Bh4 Na6 10. Nd2 Nc5 11. g4 a4 12. f3 c6 13. Qc2 Qa5 14. a3 Bd7 15. O-O cxd5
16. cxd5 b5 17. Bf2 Rfc8 18. Rfc1 Rab8 19. Qd1 h5 20. g5 Nh7 21. Be3 Qd8 22. h4
f6 23. Kh1 fxg5 24. hxg5 Nxg5 25. Qg1 Nh3 26. Qg3 Nf4 27. Rg1 Qf6 28. Bf1 Kh7
29. Na2 Bh6 30. Nb4 Ne2 31. Bxe2 Bxe3 32. Rg2 Bxd2 33. Rag1 0-1

[Event "FIDE Steinitz Memorial"]
[Site "chess24.com INT"]
[Date "2020.05.15"]
[Round "3"]
[White "Grischuk, Alexander"]
[Black "Xiong, Jeffery"]
[Result "0-1"]
[WhiteElo "2777"]
[BlackElo "2709"]
[PlyCount "102"]
[EventDate "2020.05.15"]
[EventType "tourn (blitz)"]
[EventRounds "18"]
[EventCountry "USA"]
[EventCategory "20"]
[SourceTitle "CBM 196 Extra"]
[Source "ChessBase"]
[SourceDate "2020.07.31"]
[SourceVersion "1"]
[SourceVersionDate "2020.07.31"]
[SourceQuality "1"]

1. Nf3 d5 2. g3 Nd7 3. Bg2 e5 4. d3 Bd6 5. O-O c6 6. c4 Ne7 7. e4 dxc4 8. dxc4
Nf6 9. Nc3 O-O 10. Bg5 Ng6 11. h3 Qe7 12. Rc1 Rd8 13. Qe2 h6 14. Be3 Bc5 15.
Bd2 Be6 16. a3 Qd7 17. Kh2 Qd3 18. Qxd3 Rxd3 19. b4 Bd4 20. Nxd4 exd4 21. Nb1
Ne5 22. Rfd1 Nxc4 23. Bf1 Nb2 24. Bxd3 Nxd3 25. Bxh6 Nxf2 26. Bf4 Nxd1 27. Rxd1
Rd8 28. Bg5 Bb3 29. Rd2 Rd7 30. Bxf6 gxf6 31. Kg2 Kf8 32. Kf3 Ke7 33. Rb2 Be6
34. g4 b6 35. Nd2 c5 36. bxc5 bxc5 37. Rc2 Rc7 38. Nc4 Bxc4 39. Rxc4 Kd6 40.
Kf4 Rb7 41. Ra4 Rb1 42. Ra6+ Kc7 43. Rxa7+ Kb6 44. Rxf7 Rf1+ 45. Kg3 d3 46. Rd7
c4 47. h4 Rd1 48. h5 c3 49. h6 c2 50. h7 Rh1 51. Rd6+ Kc7 0-1